Predpoklady právnej zodpovednosti obce pri výkone správy

Určenie rozsahu originálnych a delegovaných kompetencií, ktoré obce vykonávajú. Predpoklady právnej zodpovednosti spoločného obecného úradu. Príklady.

Saved in:
Bibliographic Details
Main Author: Hrtánek, Ladislav
Format: Book Chapter
Language:Slovak
Subjects:
Tags: Add Tag
No Tags, Be the first to tag this record!

MARC

LEADER 00000naa a2200000 4500
001 0274811
005 20241022132841.4
041 0 |a slo 
044 |a SK 
245 1 0 |a Predpoklady právnej zodpovednosti obce pri výkone správy  |c Ladislav Hrtánek 
520 |a Určenie rozsahu originálnych a delegovaných kompetencií, ktoré obce vykonávajú. Predpoklady právnej zodpovednosti spoločného obecného úradu. Príklady. 
610 2 0 |a obce 
610 2 0 |a úrady obecné 
610 2 0 |a zodpovednosť právna 
610 2 0 |a právomoc 
610 2 0 |a predpisy právne 
100 1 |a Hrtánek, Ladislav